00655nam a22002177a 4500003000500000005001700005008004100022010001000063011001000073035001000083040000900093082001500102100001900117245009700136260007300233300002000306490002900326650001100355650004200366830002900408CHAP20220329134523.0971013s1960 r 00010 d a21556 a22528 a26623 cCHAP a633.74bB600aBouharmont, J. aRecherches cytologiques sur la fructification et l'incompatibilité chez Theobroma cacao L. a(s.l.) :bInstitut National pour L'Etude Agronomique du Congo,c1960 a117 p.b: ilus. aSerie Scientifiquev; 8914aCacao.14aCitología e histología vegetales.0 aSerie Scientifiquev; 89